000 00403 a2200133 4500
005 20250607122335.0
020 _a9966 40505 4
082 _aREF 220 ARC
100 _aAfrica Regional Centre.
245 _aMaandiko Matakatifu ya Mungu Yaitwayo Biblia : Yaani Agano la Kale na Agano Jipya
260 _aDodoma,
_bBible Society of Tanzania,
_c1993.
300 _aviii, 241p.: ill.;
_c23cm.
942 _2ddc
_cBKS
999 _c3440
_d3440